| 000 | 00693nam a22001815i 4500 | ||
|---|---|---|---|
| 001 | 53576 | ||
| 003 | ES-MaACL | ||
| 005 | 20250905063041.0 | ||
| 007 | t| | ||
| 008 | 960704s1888 sp ||||1| spa d | ||
| 040 |
_aCAM _bspa _cCAM |
||
| 100 | 1 |
_aFalcón, Modesto, _d1828-1902 _948708 |
|
| 245 | 1 | 3 |
_aLa futura legislación civil de España _b: exámen de las bases para la redacción de un código civil adoptadas por la ley de 22 de mayo de 1888 / _cpor Modesto Falcón; trabajos publicados por la Revista de los Tribunales. |
| 260 |
_aMadrid : _bCentro Editorial de Góngora, _c1888. |
||
| 300 |
_a89 p. ; _c23 cm. |
||
| 852 |
_aES-MaACL _jFol-Laf-337 |
||
| 999 |
_c53576 _d53576 |
||